Constitución política de la República de Colombia

I tiakina i:
Ngā taipitopito rārangi puna kōrero
Kaituhi matua: López Villa, Eduardo (autor)
Hōputu: Pukapuka
Reo:Pāniora
I whakaputaina: Bogotá Nacional 1971
Putanga:2a. ed
Ngā marau:
Ngā Tūtohu: Tāpirihia he Tūtohu
Kāore He Tūtohu, Me noho koe te mea tuatahi ki te tūtohu i tēnei pūkete!

MARC

LEADER 00000nam a2200000 a 4500
001 UCT9713
003 CL-VaPUC
008 970411e19710000CK |||||||||||||||||spa|d
082 0 4 |a 342.861  |b LOP  |2 21 
100 |a López Villa, Eduardo  |e autor  |9 382649 
245 1 0 |a Constitución política de la República de Colombia 
250 |a 2a. ed 
300 |a 203 p 
942 |c BK 
945 |d 19970411 00:00:00  |a paguirre 
260 |a Bogotá  |b Nacional  |c 1971 
650 0 |a Constituciones  |9 255417 
650 0 |a Derecho constitucional   |9 222588 
650 0 |a Soberanía  |9 266726 
650 0 |a Nacionalidad  |9 357571 
650 0 |a Poder político  |9 255509 
650 0 |a Derechos civiles y políticos   |9 338684 
650 0 |a Iglesia y Estado  |9 254995 
650 0 |a Parlamento  |9 338611 
650 0 |a Poder legislativo  |9 258808 
650 0 |a Poder ejecutivo  |9 255177 
650 0 |a Poder judicial  |9 254871 
651 0 |a Colombia  |9 256424 
583 |a last modification  |c 19970411 00:00:00  |k Rodrigo Vera 
999 |c 258092  |d 258090 
952 |0 0  |1 0  |4 0  |6 342_861000000000000_LOP_1971  |7 0  |8 A  |9 281896  |a BIBDER  |b BIBDER  |d 2019-11-19  |i 182905K  |o 342.861 LOP 1971  |p 182905K  |r 2023-01-25  |w 2019-11-19  |y BK  |k DER 
952 |0 0  |1 0  |4 0  |6 342_861000000000000_LOP_1971  |7 0  |8 A  |9 281897  |a BIBDER  |b BIBDER  |d 2019-11-19  |i 1829084  |o 342.861 LOP 1971  |p 1829084  |r 2019-11-19  |w 2019-11-19  |y BK  |k DER 
952 |0 0  |1 0  |4 0  |6 342_861000000000000_LOP_1971  |7 0  |8 A  |9 281898  |a BIBDER  |b BIBDER  |d 2019-11-19  |i 1954717  |o 342.861 LOP 1971  |p 1954717  |r 2019-11-19  |w 2019-11-19  |y BK  |k DER